000 01123cab a2200253 4500
001 ABS48560
008 090401t1993 xxu||||| |||| 00| 0 eng d
035 _a(Sirsi) u67356
041 _aeng
100 _aBoyd, D.
245 4 _aThe limits of intelligent office refurbishment
260 _c1993
350 _a0
490 _aProperty Management
_v11(2) Spring 1993, 102-113(12)
520 _aDescribes how it is possible in most instances, to meet the requirements for an intelligent building during refurbishment. Examines intelligence as building performance, the need for refurbishment, the process of intelligent refurbishment, financial considerations, global and local environment, limits to refurbishment, internal space quantity and quality, IT and services distribution, and environmental performance. Tables. References.
650 _aBlock management
_96220
650 _aINTELLIGENT BUILDINGS
650 _aLIMITING FACTORS
650 _aBUILT ENVIRONMENT-BUILDING MAINTENANCE AND REFURBISHMENT
690 _aRefurbishment
_96264
700 _aJankovic, L.
942 _n0
948 _c04/03/1997
999 _c42156
_d42156